000 00649nam a2200217 i 4500
001 70679
003 ES-MaACL
005 20250907063048.0
007 t|
008 040729s1973 mx ||||1| spa d
100 1 _aGaribay K., Angel María,
_d1892-1967
_955550
245 1 0 _aMitología griega
_b: dioses y héroes /
_cAngel María Garibay K.
250 _a4ª ed.
260 _aMéxico :
_bPorrúa,
_c1973.
300 _aXV, 260 p. ;
_c22 cm.
490 1 _aSepan cuantos... ;
_v31
650 0 4 _aMitología griega.
_915104
830 0 0 _aSepan cuantos_
_v31
_9180801
852 _aES-MaACL
_jE-9382
_bR.94097
999 _c70679
_d70679